Normal view
MARC view
- Zia ul Quran
Entry Topical Term
001 - CONTROL NUMBER
- control field: 104404
003 - CONTROL NUMBER IDENTIFIER
- control field: NUST
005 - DATE AND TIME OF LATEST TRANSACTION
- control field: 20221208092644.0
008 - FIXED-LENGTH DATA ELEMENTS
- fixed length control field: 221208|| aca||aabn | a|a d
040 ## - CATALOGING SOURCE
- Original cataloging agency: NUST
- Transcribing agency: NUST
150 ## - HEADING--TOPICAL TERM
- Topical term or geographic name entry element: Zia ul Quran
670 ## - SOURCE DATA FOUND
- Source citation: Work cat.: (NUST)179256: Pir Mohammad Karam Shah 104402, Zia-ul-Quran
